000 00298nam a22001337a 4500
008 170222b xxu||||| |||| 00| 0 eng d
020 _a0808921568
041 _aeng
080 _28 ED
_a616 31
100 _a5
101 _aSHS
245 _aCLINICAL PERIODONTOLOGY
_cCARRANZA.F.A
942 _2udc
_cBK
999 _c6022
_d6022